[Event "Biel MTO Open"]
[Site "Biel SUI"]
[Date "2011.07.28"]
[Round "10"]
[White "Tischbierek,R"]
[Black "Edouard,R"]
[Result "1-0"]
[WhiteElo "2436"]
[BlackElo "2587"]

1.g3 d5 2.Nf3 c6 3.Bg2 Bg4 4.c4 dxc4 5.Na3 Qd5 6.Qc2 b5 7.b3 cxb3 8.axb3 Nf6
9.O-O Qf5 10.Qxf5 Bxf5 11.d3 Be6 12.Nd4 Bd5 13.e4 Be6 14.Bf4 a6 15.Naxb5 cxb5
16.Nxb5 Kd7 17.Nc7 g5 18.Nxa8 gxf4 19.gxf4 Kd8 20.f5 Bd7 21.Nb6 Nh5 22.Nxd7 Kxd7
23.e5 Rg8 24.Ra4 Bh6 25.Kh1 e6 26.Rh4 Rg5 27.fxe6+ fxe6 28.f4  1-0

[Event "Biel MTO Open"]
[Site "Biel SUI"]
[Date "2011.07.28"]
[Round "10"]
[White "Maze,S"]
[Black "Raetsky,A"]
[Result "1/2-1/2"]
[WhiteElo "2578"]
[BlackElo "2425"]

1.Nf3 d5 2.g3 g6 3.Bg2 Bg7 4.d4 Nf6 5.c4 c6 6.Nc3 Ne4 7.Qb3 Nxc3 8.bxc3 O-O
9.O-O dxc4 10.Qxc4 Bf5 11.Ba3 Nd7 12.Rfe1 Be4 13.Qb4 c5 14.dxc5 Bc6 15.Rad1 Qc7
16.e4 e5 17.Qb3 h6 18.Nd2 Rfd8 19.Nc4 Bf8 20.Ne3 Nxc5 21.Qb1 Rxd1 22.Rxd1 Rd8
23.Rxd8 Qxd8 24.Nd5 Nxe4 25.Bxf8 Bxd5 26.Bxe4 Bxe4 27.Qxe4 Qxf8 28.Qxb7 Qa3
29.Qb8+ Kh7 30.Qb3 Qc1+ 31.Kg2 Kg7 32.c4 h5 33.h4 e4 34.Qb8 Qxc4 35.Qxa7 e3
36.Qxe3 Qxa2 37.Qc3+ Kg8 38.Qc7 Kg7 39.Qe7 Kg8 40.Qe8+ Kh7  1/2-1/2

[Event "11th Condino Open"]
[Site "Condino ITA"]
[Date "2011.07.28"]
[Round "5"]
[White "Rotstein,A"]
[Black "Brun,D"]
[Result "1/2-1/2"]
[WhiteElo "2529"]
[BlackElo "2265"]

1.Nf3 d5 2.g3 c5 3.Bg2 Nc6 4.d4 Nf6 5.O-O e6 6.c4 dxc4 7.dxc5 Qxd1 8.Rxd1 Bxc5
9.Nbd2 c3 10.bxc3 Nd5 11.Bb2 O-O 12.Rab1 Rd8 13.Ne4 Be7 14.c4 Nb6 15.Rxd8+ Nxd8
16.c5 Nc4 17.Ne5 Nxb2 18.Rxb2 f6 19.Nd3 Bd7 20.Nd6 Bxd6 21.cxd6 Rc8 22.Bxb7 Rb8
23.Ba6 Rxb2 24.Nxb2 Nf7 25.Nc4 Kf8 26.f4 Bc6 27.Na5 Bd5 28.d7 Ke7 29.Bb5 Kd8
30.Nc6+ Kxd7 31.Nxa7+ Kc7 32.Bd3 Bxa2 33.Nb5+ Kd7 34.Nc3 Bb3 35.Bxh7 Ke7
36.Bd3 e5 37.Kf2 exf4 38.gxf4 Nd6 39.Ke3 Ke6 40.Kd4 Nf5+ 41.Kc5 Ne3 42.Nb5 Ke7
43.Nd4 Be6 44.Nc6+ Kd7 45.Bb5 Kc7 46.Nd4 Bc8 47.Bc6 Bg4 48.Nb5+ Kd8 49.Nc3 g5
50.Bf3 Bh3 51.Ne4 g4 52.Bh1 Nf1 53.Nxf6 Nxh2 54.Kd6 Nf1 55.e4 g3 56.e5 Ne3
57.Nd5 g2 58.Bxg2 Nxg2  1/2-1/2

[Event "Sparkassen Open A"]
[Site "Dortmund GER"]
[Date "2011.07.28"]
[Round "6.1"]
[White "Mundorf,J"]
[Black "Zaitsev,Mikhail1"]
[Result "1/2-1/2"]
[WhiteElo "2024"]
[BlackElo "2499"]

1.Nf3 d5 2.g3 c5 3.Bg2 Nc6 4.d4 e6 5.O-O Nf6 6.c4 Be7 7.cxd5 exd5 8.dxc5 Bxc5
9.a3 a5 10.Bg5 Be6 11.Nc3 O-O 12.Rc1 Be7 13.Nd4 h6 14.Bf4 Bd6 15.Bxd6 Qxd6
16.e4  1/2-1/2

[Event "5th AD San Juan Open"]
[Site "Pamplona ESP"]
[Date "2011.07.28"]
[Round "5"]
[White "Venkatesh,M"]
[Black "Delchev,A"]
[Result "0-1"]
[WhiteElo "2480"]
[BlackElo "2622"]

1.Nf3 d5 2.g3 g6 3.c4 Nf6 4.b3 Bg7 5.Bb2 c6 6.Bg2 O-O 7.d3 Nbd7 8.Qc2 Re8
9.Nc3 e5 10.cxd5 cxd5 11.O-O a6 12.Na4 Bf8 13.d4 e4 14.Ne5 Bd6 15.Nxd7 Bxd7
16.Nc5 Rc8 17.Qd2 Bc6 18.Bh3 Rc7 19.Rac1 h5 20.Bc3 Rce7 21.Qg5 Nh7 22.Qh6 b6
23.Nxa6 Bb7 24.Nb4 e3 25.Nd3 Re4 26.Bb4 Bxb4 27.Nxb4 Ng5 28.Bg2 exf2+ 29.Rxf2 Rxe2
30.Nd3 Rxf2 31.Nxf2 Qf6 32.h4 Re2 33.Rf1 Nf3+ 34.Kh1 Ba6 35.Nd3 Bxd3 36.Rxf3 Qxd4  0-1

[Event "Czech GM Open A"]
[Site "Pardubice CZE"]
[Date "2011.07.28"]
[Round "7.4"]
[White "Dzhakaev,D"]
[Black "Sengupta,D"]
[Result "1/2-1/2"]
[WhiteElo "2478"]
[BlackElo "2563"]

1.Nf3 d5 2.g3 g6 3.Bg2 Bg7 4.d4 Nf6 5.c4 c6 6.cxd5 cxd5 7.O-O O-O 8.Ne5 Ne4
9.Nc3 Nxc3 10.bxc3 Nc6 11.Nxc6 bxc6 12.Ba3 Ba6 13.Re1 f5 14.Bc5 Rf7 15.e3 e6
16.Bf1 Bxf1 17.Rxf1 Qa5 18.Qb3 g5 19.Rab1 Qa6 20.c4 h5 21.cxd5 cxd5 22.Qb5 Qxb5
23.Rxb5 Bf8 24.Rfb1 Bxc5 25.Rxc5 Rd7 26.Kg2 Kf7 27.Kf3 Kf6 28.Rc6 Rh8 29.h3 Rg7
30.Rb5 g4+ 31.hxg4 hxg4+ 32.Ke2 Rd7 33.Rb1 Rhh7 34.Rb8 Rb7 35.Rxb7 Rxb7 36.Ra6 Ke7
37.Kf1 Rc7 38.Ke1 Rb7 39.Kd1 Rb1+ 40.Ke2 Rb2+ 41.Kf1 Rb1+ 42.Kg2 Rb7 43.Kf1  1/2-1/2

[Event "TCh-POR 1st Div"]
[Site "Torres Vedras POR"]
[Date "2011.07.28"]
[Round "6.4"]
[White "Appel,R"]
[Black "Johannessen,LE"]
[Result "1-0"]
[WhiteElo "2522"]
[BlackElo "2496"]

1.Nf3 d5 2.g3 Nf6 3.Bg2 c6 4.O-O Bg4 5.Ne5 Bh5 6.d4 Nbd7 7.c4 e6 8.Nc3 Nxe5
9.dxe5 Nd7 10.cxd5 cxd5 11.Be3 Bb4 12.Nb5 Qa5 13.a4 O-O 14.f4 Rfc8 15.Bf2 Bg6
16.e4 a6 17.Nc3 Bxc3 18.bxc3 Nb6 19.f5 exf5 20.exd5 Rd8 21.Bxb6 Qxb6+ 22.Kh1 Rac8
23.Qd4 Qc5 24.Rac1 b5 25.axb5 axb5 26.d6 Qc4 27.Bd5 Qc5 28.Bb7 Qxd4 29.cxd4 Rb8
30.Bd5 b4 31.Bb3 Rdc8 32.Rxc8+ Rxc8 33.e6  1-0

[Event "Open Women ch-BUL"]
[Site "Vratsa BUL"]
[Date "2011.07.29"]
[Round "6"]
[White "Dragomirescu,An"]
[Black "Galunova,T"]
[Result "0-1"]
[WhiteElo "2190"]
[BlackElo "1977"]

1.Nf3 d5 2.g3 Nf6 3.Bg2 Bf5 4.d3 c6 5.O-O h6 6.Nbd2 Nbd7 7.Nh4 Bh7 8.e4 e6
9.Qe2 dxe4 10.dxe4 Be7 11.b3 O-O 12.Bb2 Nc5 13.f4 g5 14.fxg5 hxg5 15.Nhf3 Nfxe4
16.Nxe4 Nxe4 17.Ne5 Qd2 18.Ng4 Bg6 19.Qxd2 Nxd2 20.Rfe1 Bh5 21.Nf6+ Bxf6
22.Bxf6 Nf3+ 23.Bxf3 Bxf3 24.Re5 Kh7 25.Rxg5 Rg8 26.Rf1 Rxg5 27.Bxg5 Bh5
28.Rf6 Kg7 29.Rf2 f5 30.Rd2 Rf8 31.Kf2 Kg6 32.h4 Rf7 33.Rd6 Kg7 34.Rxe6 Rd7
35.Ke3 Bg4 36.c4 f4+ 37.Bxf4 Bxe6 38.Be5+ Kg6 39.c5 Rd1 40.Kf4 Rf1+ 41.Ke3 Rc1
42.Bd4 Rc2 43.Kf4 Rxa2 44.b4 Ra4 45.Bc3 a5 46.g4 axb4 47.h5+ Kh6 48.Bd2 Bd5
49.Ke5+ Kg7 50.g5 b3 51.Bc3 Rc4 52.Ba1 Rc2 53.Bd4 b2 54.Kd6+ Kg8 55.g6 Be4  0-1

[Event "15th Godesburg Open"]
[Site "Bad Godesberg GER"]
[Date "2011.07.30"]
[Round "8.27"]
[White "Gerhards,B"]
[Black "Eckermann,J"]
[Result "1-0"]
[WhiteElo "1791"]
[BlackElo "1914"]

1.Nf3 d5 2.g3 h6 3.Bg2 Bf5 4.d3 c6 5.Nbd2 Nf6 6.c4 e6 7.O-O Be7 8.cxd5 exd5
9.Re1 O-O 10.b3 Nbd7 11.Bb2 Bh7 12.Qc2 Bb4 13.a3 Bxd2 14.Qxd2 Re8 15.e4 dxe4
16.b4 Nd5 17.Qe2 f5 18.dxe4 fxe4 19.Rad1 Qc7 20.Nd4 N7f6 21.Nc2 a6 22.h3 Rad8
23.Qd2 Re7 24.Ne3 Red7 25.Nc4 Re7 26.Ne5  1-0

[Event "Sparkassen Open A"]
[Site "Dortmund GER"]
[Date "2011.07.30"]
[Round "8.2"]
[White "Jesse,I"]
[Black "Bomans,A"]
[Result "1/2-1/2"]
[WhiteElo "2270"]
[BlackElo "2198"]

1.Nf3 d5 2.g3 c6 3.Bg2 Bg4 4.O-O Nd7 5.a4 a5 6.d4 e6 7.c4 Ngf6 8.Ne5 Nxe5
9.dxe5 Nd7 10.f4 Bc5+ 11.Kh1 h5 12.h4 Nb6 13.cxd5 Nxd5 14.Qc2 Qe7 15.Nc3 Nxc3
16.bxc3 O-O 17.e4 Rad8 18.Kh2 Qd7 19.Ba3 Bxa3 20.Rxa3 Qd2 21.Ra2 Qe3 22.Rb2 Rd3
23.Qf2 Rfd8 24.Rxb7 Rxc3 25.Qxe3 Rxe3 26.Rf2 Re2 27.Rxe2 Bxe2 28.Ra7 Rc8
29.Kg1 c5 30.Kf2 Bd1 31.Ke1 Bxa4 32.Rxa5 Bb3 33.Kd2 c4 34.Kc3 Rd8 35.Bf1 Rd1
36.Bxc4 Bxc4 37.Kxc4 g6 38.Ra3 Kg7 39.Rd3 Re1 40.Kd4 Rg1 41.Ra3 Rg2 42.Rf3 Ra2
43.Rb3 Rg2 44.Rc3 Rg1 45.Kc4 Re1 46.Kd3 Kf8 47.Kd4 Rg1 48.Rf3 Rd1+ 49.Ke3 Re1+
50.Kd3 Ke7 51.Re3 Ra1 52.Ke2 Ra4 53.Kf3 Ra1 54.Rb3 Rc1 55.Rb2 Rc3+ 56.Kf2 Rc4
57.Re2 Rc5 58.Re3 Ra5 59.Kf3 Ra1 60.Rb3 Rc1 61.Rb7+ Ke8 62.Rb2 Rc3+ 63.Kf2 Rc4
64.f5 Rxe4 65.Rb8+ Kd7 66.Rb7+ Kc6 67.Rxf7 gxf5 68.Rh7 Kd5 69.Rxh5 Kxe5 70.Rh8 Kf6
71.Rg8 Kf7 72.Ra8 Kg7 73.Kf3 Kf7 74.Ra3 Kg6 75.Rd3 Kg7 76.Ra3 Kh6 77.Kg2 Kg6
78.Rf3 Kh6 79.Kh3 Re1 80.Ra3 Re4 81.Ra7 Kg6 82.Kg2 Kh6 83.Kf3  1/2-1/2

[Event "Sparkassen Open A"]
[Site "Dortmund GER"]
[Date "2011.07.30"]
[Round "8.25"]
[White "Henkemeier,M"]
[Black "Schorra,H"]
[Result "0-1"]
[WhiteElo "1917"]
[BlackElo "2110"]

1.Nf3 d5 2.g3 c6 3.Bg2 Bg4 4.O-O Nd7 5.d3 Ngf6 6.Nbd2 e5 7.h3 Bxf3 8.Nxf3 Bd6
9.Re1 O-O 10.e4 dxe4 11.dxe4 Qc7 12.Bg5 h6 13.Bd2 Rfe8 14.Qe2 Bf8 15.Rad1 a5
16.Nh4 g6 17.Be3 b5 18.c4 b4 19.Qc2 Nc5 20.b3 Rad8 21.Bf3 Nh7 22.Qc1 Nd3
23.Rxd3 Rxd3 24.Be2 Rc3 25.Qb2 Rxe3 26.fxe3 Ng5 27.Kh2 Rd8 28.Qc2 Qd7 29.Bg4 Qd2+
30.Re2 Qxc2 31.Rxc2 Rd3 32.Ng2 Bc5 33.h4 Nxe4 34.Be2 Rc3 35.Rxc3 Nxc3 36.Bd3 Nxa2
37.g4 Nc3 38.Kg3 a4 39.bxa4 b3 40.e4 b2 41.Ne1 Nxa4 42.Nf3 Bb4 43.Nxe5 Bd6  0-1

[Event "Politiken Cup"]
[Site "Helsingor DEN"]
[Date "2011.07.30"]
[Round "1.81"]
[White "Merkesvik,Sondre"]
[Black "Pavlovskaia,E"]
[Result "0-1"]
[WhiteElo "1762"]
[BlackElo "2175"]

1.Nf3 d5 2.g3 c6 3.Bg2 Nf6 4.O-O Bg4 5.c4 e6 6.cxd5 exd5 7.d3 Bd6 8.Bg5 h6
9.Bxf6 Qxf6 10.Qb3 b6 11.Nbd2 O-O 12.Rac1 Bc5 13.e3 Nd7 14.d4 Be7 15.h3 Bh5
16.Ne5 Nxe5 17.dxe5 Qxe5 18.Rxc6 Rad8 19.f4 Qf5 20.g4 Qd7 21.Rfc1 Bc5 22.R6xc5 bxc5
23.gxh5 d4 24.e4 d3 25.Qc3 Rfe8 26.Kf2 Qd6 27.Ke3 Qe6 28.b3 Rd5 29.e5 Rdd8
30.Qc4 Qf5 31.Qe4 Qxh5 32.Qf3 Qg6 33.Rxc5 Qd6 34.Qd5 Qa6 35.Qc4 Qxa2 36.Rc7 Rf8
37.Bd5 Qa1 38.Kxd3 Qh1 39.Kd4 Qg2 40.Nf3 Qxf3 41.Kc5 Qf2+ 42.Kb4 Qb6+ 43.Kc3 Rxd5  0-1

[Event "Politiken Cup"]
[Site "Helsingor DEN"]
[Date "2011.07.30"]
[Round "1.69"]
[White "Henningsson,Hjalte Skov"]
[Black "Rauramaa,K"]
[Result "0-1"]
[WhiteElo "1794"]
[BlackElo "2217"]

1.Nf3 d5 2.g3 g6 3.Bg2 Bg7 4.d4 c5 5.O-O Nf6 6.Nbd2 O-O 7.e3 Na6 8.a3 Bf5
9.dxc5 Nxc5 10.h3 Re8 11.Nd4 Bd7 12.c4 e5 13.Nb5 dxc4 14.Nd6 Ba4 15.Nxb7 Qc7
16.Qe2 Nxb7 17.Bxb7 Qxb7 18.Nxc4 Qa6  0-1

[Event "98th ch-GBR"]
[Site "Sheffield ENG"]
[Date "2011.07.30"]
[Round "6.21"]
[White "Kolbus,D"]
[Black "Shaw,P"]
[Result "0-1"]
[WhiteElo "2335"]
[BlackElo "2162"]

1.Nf3 d5 2.g3 Nf6 3.Bg2 c6 4.O-O g6 5.b3 Bg7 6.Bb2 O-O 7.d3 Nbd7 8.Nbd2 Re8
9.a4 e5 10.e4 d4 11.Bh3 Nf8 12.Bxc8 Rxc8 13.a5 N6d7 14.Qe2 Ne6 15.Nc4 Qc7
16.Ba3 Bf8 17.Bxf8 Rxf8 18.Ra2 Ra8 19.Rfa1 Kg7 20.Qe1 f6 21.Qb4 Ndc5 22.Re1 Rad8
23.Qa3 Na6 24.b4 Qd7 25.Qb3 Nac7 26.Na3 Nf4 27.Nd2 Nh3+ 28.Kf1 h5 29.Re2 h4
30.f3 hxg3 31.hxg3 Ng5 32.g4 Rh8 33.Rf2 Nh3 34.Rh2 Nf4 35.Rxh8 Rxh8 36.Ke1 Rh1+
37.Nf1 Kf8 38.b5 Qh7 39.Qb4+ Ke8 40.Qd2 Rxf1+  0-1

[Event "XXXVII Open"]
[Site "Sitges ESP"]
[Date "2011.07.30"]
[Round "9"]
[White "Bacallao Alonso,Y"]
[Black "Barsov,A"]
[Result "0-1"]
[WhiteElo "2532"]
[BlackElo "2534"]

1.Nf3 d5 2.g3 g6 3.d4 Nf6 4.Bg2 Bg7 5.c4 dxc4 6.Qa4+ Nfd7 7.Qxc4 Nc6 8.Ng5 O-O
9.d5 Nd4 10.e3 Nb6 11.Qc5 Na4 12.Qc4 b5 13.Qd3 Nxb2 14.Bxb2 Nf3+ 15.Nxf3 Bxb2
16.O-O Bxa1 17.Na3 Bf6 18.Qxb5 Qd6 19.Nc4 Qa6 20.Qc5 Qxa2 21.Na5 Ba6 22.Re1 Rab8
23.Nc6 Rb1 24.Bf1 Rxe1 25.Nxe1 Bxf1 26.Kxf1 Qa6+ 27.Kg2 Qb6 28.Qc4 Re8 29.Nd3 a6
30.e4 Qb5 31.Qc2 a5 32.Nc5 e6 33.e5 Be7 34.Nxe7+ Rxe7 35.Ne4 Qxd5 36.f4 Rd7
37.Kh3 Kg7 38.Nf6 Qd3 39.Qc5 Rd8 40.Qe7 Qf5+ 41.g4 Rd3+  0-1

[Event "Politiken Cup"]
[Site "Helsingor DEN"]
[Date "2011.07.31"]
[Round "3.8"]
[White "Petersen,To1"]
[Black "Savchenko,B"]
[Result "0-1"]
[WhiteElo "2324"]
[BlackElo "2615"]

1.Nf3 d5 2.g3 Nf6 3.Bg2 Bf5 4.O-O e6 5.d3 c6 6.Nbd2 a5 7.Qe1 h6 8.e4 Bh7
9.Qe2 Be7 10.e5 Nfd7 11.h4 b5 12.Nh2 c5 13.f4 Nc6 14.Ndf3 c4 15.d4 b4 16.Be3 c3
17.b3 h5 18.Bh3 Qb6 19.Ng5 Bg6 20.Rad1 Bxg5 21.hxg5 a4 22.Nf3 axb3 23.axb3 Ra2
24.f5 Bxf5 25.Bxf5 exf5 26.g6 fxg6 27.Nh4 Nd8 28.Ra1 Rxa1 29.Rxa1 Nb8 30.Qf3 Qc6
31.Ra5 Nb7 32.Ra7 O-O 33.Nxg6 Qxg6 34.Rxb7 f4 35.Bxf4 Qxc2 36.Qxd5+ Kh7 37.Qd6 Qd1+
38.Kh2 Qe2+ 39.Kg1 Qe1+ 40.Kh2 Qe2+ 41.Kg1 Rxf4 42.Rxg7+ Kxg7 43.Qe7+ Rf7  0-1

[Event "20th Kavala Open"]
[Site "Kavala GRE"]
[Date "2011.07.31"]
[Round "3"]
[White "Papadimitriou,A"]
[Black "Soumya,Sw"]
[Result "1/2-1/2"]
[WhiteElo "2184"]
[BlackElo "2338"]

1.Nf3 d5 2.g3 Nf6 3.Bg2 c6 4.O-O Bg4 5.c4 e6 6.b3 Bd6 7.Bb2 Nbd7 8.d4 O-O
9.Nc3 Qe7 10.Qc1 Rac8 11.h3 Bxf3 12.Bxf3 e5 13.dxe5 Nxe5 14.cxd5 cxd5 15.Qd2 Nxf3+
16.exf3 Qe6 17.Qg5 h6 18.Qh4 Be5 19.Rfe1 Qf5 20.Nxd5 Nxd5 21.Rxe5 Qxf3 22.Qd4 Nf6
23.Qe3 Qxe3 24.Rxe3 Nd5 25.Rd3 Nb6 26.Bd4 Rfd8 27.Rad1 Rc6 28.Be3 Rxd3 29.Rxd3 Kf8
30.Rd8+ Ke7 31.Rb8 Rc7 32.Rg8 g5 33.Rh8 Rc6 34.Rb8 Rc7 35.a4 Nc8 36.b4 Kd7
37.Kg2 b6 38.a5 Rc4 39.axb6 axb6 40.Bxb6 Rxb4 41.Ba7 Rxb8 42.Bxb8  1/2-1/2

[Event "Politiken Cup"]
[Site "Helsingor DEN"]
[Date "2011.08.01"]
[Round "4"]
[White "Romanishin,O"]
[Black "Gustafsson,J"]
[Result "1/2-1/2"]
[WhiteElo "2526"]
[BlackElo "2634"]

1.Nf3 d5 2.g3 Nf6 3.Bg2 e6 4.O-O Be7 5.c4 O-O 6.d4 dxc4 7.Na3 Bxa3 8.bxa3 Nc6
9.Bb2 Rb8 10.Qc2 b5 11.Rad1 Ne7 12.e4 Bb7 13.Rfe1 Bxe4 14.Rxe4 Nxe4 15.Qxe4 Nd5
16.Qc2 Rb6 17.h4 h6 18.Ne5 Qe7 19.Re1 Rd8 20.Be4 f5 21.Bf3 Ra6 22.Bxd5 exd5
23.Qxf5 Qf6 24.Qc2 Re6 25.f4 g6 26.Bc3 Qf5 27.Qxf5 gxf5 28.h5 Ra8 29.Rb1 Ra6
30.Bb4 Ra4 31.Bc5 b4 32.Bxb4 Rb8 33.Nd7 Rb5 34.Re1 a5 35.Nc5 axb4 36.Nxa4 Ra5
37.Nc5 Rxa3 38.Re2 Rxg3+ 39.Kf2 Ra3 40.Nd7 Rd3 41.Nf6+ Kf8 42.Nxd5 c5 43.Re5 c3
44.Rxf5+ Kg7 45.Nxc3 bxc3 46.Rxc5 Rxd4 47.Kg3 Ra4 48.Rxc3 Rxa2 49.Rc7+ Kf6
50.Rh7 Kf5 51.Rf7+ Ke6 52.Rf8 Ra1 53.Kg4 Rg1+  1/2-1/2

[Event "Stara Pazova-Ilindan GM"]
[Site "Stara Pazova SRB"]
[Date "2011.08.01"]
[Round "3.2"]
[White "Dizdarevic,E"]
[Black "Mrkonjic,N"]
[Result "1-0"]
[WhiteElo "2481"]
[BlackElo "2381"]

1.Nf3 d5 2.g3 Nf6 3.Bg2 Bf5 4.c4 c6 5.Qb3 Qb6 6.d3 e6 7.Nh4 Bg6 8.Nxg6 hxg6
9.h3 Nbd7 10.Qc2 Bb4+ 11.Nd2 a5 12.O-O a4 13.Nf3 O-O 14.Rb1 Rfc8 15.Bf4 Nh5
16.Be3 Bc5 17.d4 Be7 18.Rfc1 Qd8 19.Ne5 Nhf6 20.Nxd7 Nxd7 21.Bd2 Nb6 22.b3 axb3
23.axb3 Nd7 24.e3 Qf8 25.c5 b6 26.b4 b5 27.Ra1 Bd8 28.Ra2 Bc7 29.Rca1 Rcb8
30.Ra6 Qc8 31.Qa2 Rxa6 32.Qxa6 Qxa6 33.Rxa6 Rb7 34.e4 Nb8 35.Ra8 Kf8 36.h4 Ke7
37.g4 f6 38.f4 f5 39.e5 Bd8 40.Bh3 Kd7 41.h5 fxg4 42.Bxg4 gxh5 43.Bxh5 Kc8
44.Bg4 Re7 45.Kg2 g6 46.Be1 Re8 47.Ra7 Bc7 48.Bh4 Nd7 49.Be2 Kb8 50.Ra3 Bd8
51.Bxd8 Rxd8 52.Bg4 Re8 53.Rh3 Re7 54.Rh8+ Kc7 55.Rg8 Nb8 56.Rxg6 Kd7 57.Kg3 Na6
58.f5 exf5 59.Bxf5+ Kc7 60.Kf4 Rh7 61.e6  1-0

[Event "50th World Juniors"]
[Site "Chennai IND"]
[Date "2011.08.02"]
[Round "1.4"]
[White "Shimanov,A"]
[Black "Tomazini,Z"]
[Result "1-0"]
[WhiteElo "2586"]
[BlackElo "2288"]

1.g3 d5 2.Nf3 g6 3.Bg2 Bg7 4.O-O e5 5.d3 Nc6 6.e4 Nge7 7.Nc3 O-O 8.exd5 Nxd5
9.Bd2 Nxc3 10.bxc3 Be6 11.Ng5 Bd5 12.Ne4 f5 13.Bg5 Qd7 14.c4 Bxe4 15.dxe4 Qxd1
16.Raxd1 f4 17.gxf4 exf4 18.f3 h6 19.Bh4 Bd4+ 20.Kh1 g5 21.Be1 Rad8 22.Bh3 Kf7
23.c3 Bf6 24.Rd5 Ne7 25.Ra5 Nc6 26.Rd5 Ne5 27.Bf2 b6 28.Rfd1 Nxf3 29.Rd7+ Kg8
30.Be6+ Kh8 31.Bf5 Ne5 32.Rh7+ Kg8 33.Rxd8 Rxd8 34.Rxc7 Rd2 35.Be6+ Kf8 36.Kg1 g4
37.Kf1 Bd8 38.Rc8 Ke7 39.Bf5 g3 40.hxg3 Nd3 41.Bd4 f3 42.Kg1 Rd1+ 43.Kh2 f2
44.Bh3 f1=Q 45.Bxf1 Rxf1 46.Rc6 h5 47.Rh6 Bc7 48.Rxh5 Ra1 49.Kg2 Rxa2+ 50.Kh3 a5
51.e5 Nc5 52.Rh7+ Kd8 53.Rh8+ Kd7 54.Rh7+ Kc6 55.Rh6+ Kb7 56.e6 Kc6 57.e7+ Kd7
58.Bf6 Ra1 59.Rh8 Re1 60.Rd8+ Kc6 61.e8=Q+ Rxe8 62.Rxe8 a4 63.g4 Nb3 64.g5 a3
65.g6 a2 66.Re1 Nd2 67.Kg4 Nb1 68.g7 a1=Q 69.g8=Q Kb7 70.Qd5+ Ka7 71.Re8  1-0

[Event "Politiken Cup"]
[Site "Helsingor DEN"]
[Date "2011.08.02"]
[Round "5.17"]
[White "Danielsen,Hen"]
[Black "Rauramaa,K"]
[Result "1-0"]
[WhiteElo "2535"]
[BlackElo "2217"]

1.g3 d5 2.Nf3 Nf6 3.Bg2 g6 4.c4 Bg7 5.cxd5 Nxd5 6.O-O O-O 7.Nc3 c5 8.Nxd5 Qxd5
9.d3 Rd8 10.Ng5 Qd7 11.Qb3 e6 12.Ne4 Nc6 13.Nxc5 Qe7 14.Be3 Nd4 15.Bxd4 Bxd4
16.Ne4 e5 17.e3 Bb6 18.a4 Ba5 19.Rfc1 Bf5 20.Qb5 Bb4 21.a5 Bd7 22.Qxb7 Rab8
23.Qxa7 Ra8 24.Nf6+  1-0

[Event "Winsoft Cup IM1"]
[Site "Olomouc CZE"]
[Date "2011.08.03"]
[Round "1.3"]
[White "Obsivac,J"]
[Black "Furman,Bo"]
[Result "1/2-1/2"]
[WhiteElo "2273"]
[BlackElo "2262"]

1.Nf3 d5 2.g3 c5 3.Bg2 Nc6 4.d3 Nf6 5.O-O Bg4 6.Nbd2 e6 7.c3 Be7 8.h3 Bh5
9.g4 Bg6 10.Nh4 Nd7 11.Nxg6 hxg6 12.f4 f5 13.e4 dxe4 14.dxe4 Nf6 15.Qe2 Qd7
16.g5 Nh5 17.Qf2 e5 18.Nc4 fxe4 19.Bxe4 Qxh3 20.Qg2 Qxg2+ 21.Kxg2 Nxf4+ 22.Bxf4 exf4
23.Bxg6+ Kd7 24.Rxf4  1/2-1/2

[Event "112th US Open"]
[Site "Orlando USA"]
[Date "2011.08.03"]
[Round "3"]
[White "Ramirez,Alej"]
[Black "Brown,Michael William"]
[Result "1-0"]
[WhiteElo "2592"]
[BlackElo "2121"]

1.Nf3 d5 2.g3 Nf6 3.Bg2 Bf5 4.O-O e6 5.d3 Be7 6.Nbd2 h6 7.Qe1 O-O 8.e4 Bh7
9.Qe2 c5 10.Re1 Nc6 11.e5 Nd7 12.Nf1 Qc7 13.c3 Rab8 14.h4 b5 15.Bf4 b4 16.Ne3 Nb6
17.Ng4 Kh8 18.Qd2 bxc3 19.bxc3 Na4 20.Bxh6 gxh6 21.Qxh6 Rg8 22.Nf6 Bxf6 23.exf6 Rg6
24.Qh5 Qd8 25.Ng5 Qg8 26.c4 Nb6 27.cxd5 exd5 28.a4 a5 29.Rab1 Nb4 30.Nxf7+ Qxf7
31.Re7 Qxe7 32.fxe7 Re6 33.Qf7 Bg8 34.Qf8 Nd7 35.Qd8 Rxe7 36.Qxe7  1-0

[Event "Politiken Cup"]
[Site "Helsingor DEN"]
[Date "2011.08.04"]
[Round "7.105"]
[White "Henningsson,Hjalte Skov"]
[Black "Justinussen,S"]
[Result "0-1"]
[WhiteElo "1794"]
[BlackElo "1944"]

1.Nf3 d5 2.g3 c5 3.Bg2 Nc6 4.d4 e6 5.O-O Nf6 6.e3 Be7 7.dxc5 Bxc5 8.c4 O-O
9.Nc3 b6 10.cxd5 exd5 11.a3 a5 12.Qc2 Be6 13.Rd1 Qe7 14.Ng5 h6 15.Nxe6 fxe6
16.h3 Rac8 17.Qe2 Ne5 18.b3 Rfd8 19.Bb2 Nf7 20.a4 Nd6 21.Rac1 Nf5 22.Nb5 Nd6
23.Nxd6 Rxd6 24.Rc2 Rcd8 25.Rdc1 e5 26.Kh2 Re6 27.Re1 Re8 28.e4 d4 29.Qd3 Nd7
30.Bc1 Bb4 31.Ree2 Nc5 32.Rxc5 Bxc5 33.Rc2 Rf6 34.f3 Rc8 35.f4 Rcf8 36.f5 Rc8
37.Bf1 Rc7 38.Qf3 Rd6 39.Bc4+ Kh8 40.Qd3 Rf6 41.g4 Rf8 42.Kg3 Ba3 43.Bd2 Bb4
44.Bxb4 Qxb4 45.Qd2 Qxd2 46.Rxd2 Rfc8 47.Rc2 Rc5 48.Kf3 b5 49.axb5 Rxb5 50.Ke2 Rb4
51.Kd3 a4 52.bxa4 Rxa4 53.Bb3 Rxc2 54.Kxc2 Ra1 55.h4 Rh1 56.g5 Rxh4 57.gxh6 gxh6
58.Bd5 Kg7 59.Kb3 Rh2 60.Kb4 h5 61.Kc5 Kf6 62.Kd6 d3 63.Bb3 d2 64.Bd1 Rh1  0-1

[Event "Montecatini Open A"]
[Site "Montecatini Terme ITA"]
[Date "2011.08.04"]
[Round "6"]
[White "Rombaldoni,D"]
[Black "Bellini,F"]
[Result "1/2-1/2"]
[WhiteElo "2495"]
[BlackElo "2498"]

1.Nf3 d5 2.g3 c6 3.Bg2 Bg4 4.O-O Nd7 5.d4 e6 6.Nbd2 Ngf6 7.Re1 Bd6 8.e4 dxe4
9.Nxe4 Nxe4 10.Rxe4 Nf6 11.Re1 O-O 12.c3 Qc7 13.Qb3 Nd7 14.Nd2 e5 15.d5 c5
16.Nc4 Nb6 17.Nxd6 Qxd6 18.c4 f5 19.Qc3 Nd7 20.b3 f4 21.h3 Bf5 22.Bb2 Rf7
23.Re2 e4 24.gxf4 Qxf4 25.Rae1 Nf6 26.Qe5 Qg5 27.Bc1 Qh5 28.Qg3 h6 29.d6 Raf8
30.Bf4 Bd7 31.Bxe4 Nxe4 32.Rxe4 g5 33.Re7 Bc6 34.Be5 Rxe7 35.dxe7 Rf3 36.Qg4 Qxh3
37.e8=Q+ Bxe8 38.Qe4 Bh5 39.Qd5+ Rf7 40.Bg3 Qd7 41.Qxc5 Bf3 42.Qe5 Bc6 43.Qe6 Qxe6
44.Rxe6 Rd7 45.Bd6 Kf7  1/2-1/2

[Event "112th US Open"]
[Site "Orlando USA"]
[Date "2011.08.05"]
[Round "7"]
[White "Goldin,A"]
[Black "Sarkar,J"]
[Result "1-0"]
[WhiteElo "2561"]
[BlackElo "2376"]

1.Nf3 d5 2.g3 c6 3.Bg2 Bg4 4.O-O Nd7 5.d3 e5 6.Qe1 Ngf6 7.e4 dxe4 8.dxe4 Bc5
9.Nbd2 O-O 10.h3 Bh5 11.Nc4 Re8 12.a4 Nb6 13.Na5 Qc7 14.Bd2 Nfd7 15.Nh4 f6
16.Nf5 Bf8 17.b3 Nc5 18.Bb4 Ne6 19.Bxf8 Rxf8 20.f3 Rad8 21.Rf2 Rd7 22.Ne3 Nc8
23.b4 Bf7 24.h4 Nd4 25.c3 b6 26.Nac4 Nb3 27.Rb1 b5 28.Rxb3 bxc4 29.Rb1 a5
30.Bh3 Rdd8 31.Bf1 Qa7 32.Ra2 axb4 33.Rxb4 Nd6 34.Kg2 Qa5 35.Ra1 Rd7 36.Be2 Rfd8
37.Ra2 Qc5 38.Qf2 Ra7 39.Nf5 Qxf2+ 40.Kxf2 Nxf5 41.exf5 Kf8 42.a5 Rda8 43.Rba4 Ke7
44.Bxc4 Bxc4 45.Rxc4 Rxa5 46.Rxa5 Rxa5 47.Rxc6 Ra2+ 48.Ke3 h5 49.Rc7+ Kf8
50.c4 Rg2 51.c5 Rxg3 52.Rd7 Ke8 53.c6 Rg2 54.Ke4 Rc2 55.Kd5 Rd2+ 56.Ke6 Rc2
57.Kd6 Rd2+ 58.Kc7 Rg2 59.Rd6  1-0

[Event "Split Open"]
[Site "Split CRO"]
[Date "2011.08.05"]
[Round "1.15"]
[White "Djurovic,G"]
[Black "Peric,D"]
[Result "1-0"]
[WhiteElo "2328"]
[BlackElo "1946"]

1.g3 d5 2.Nf3 Nf6 3.Bg2 Bg4 4.d3 e6 5.O-O Bd6 6.Nc3 c6 7.e4 dxe4 8.Nxe4 Nxe4
9.dxe4 e5 10.a4 Qe7 11.h3 Bxf3 12.Qxf3 Na6 13.a5 O-O 14.Qe2 Nc7 15.c3 Ne6
16.b4 Rad8 17.Be3 a6 18.Rfe1 Rfe8 19.h4 Bc7 20.Bf1 Qf6 21.Qg4 Qg6 22.Qf3 h6
23.Kh2 Rd6 24.Bc4 Red8 25.Qf5 Qxf5 26.exf5 Nf8 27.Kg2 Nd7 28.Be2 Nf6 29.c4 e4
30.g4 R6d7 31.Rab1 Be5 32.Rec1 Bd4 33.Bf4 c5 34.b5 axb5 35.g5 hxg5 36.hxg5 Ne8
37.cxb5 Ra8 38.a6 bxa6 39.b6 Nd6 40.Bxa6 Rxa6 41.Bxd6 Rxd6 42.b7 Rab6 43.b8=Q+ Rxb8
44.Rxb8+ Kh7 45.Rh1+ Rh6 46.gxh6 gxh6  1-0

[Event "Split Open"]
[Site "Split CRO"]
[Date "2011.08.05"]
[Round "1.8"]
[White "Basic,I"]
[Black "Saric,A"]
[Result "0-1"]
[WhiteElo "1982"]
[BlackElo "2483"]

1.Nf3 d5 2.g3 c5 3.Bg2 Nc6 4.d4 e6 5.O-O Nf6 6.c3 Be7 7.Bf4 O-O 8.Na3 b6
9.Qa4 Bd7 10.Qd1 cxd4 11.cxd4 Bxa3 12.bxa3 Na5 13.Ne5 Bb5 14.Rb1 Ba6 15.Bg5 Qd6
16.Bxf6 gxf6 17.Ng4 f5 18.Nf6+ Kg7 19.e4 dxe4 20.Qh5 h6 21.Qh4 Qd8 22.Nh5+ Kh7
23.Nf6+ Kg6 24.Qh5+ Kxf6 25.Qxh6+ Ke7 26.Rfd1 Bd3 27.d5 Qxd5 28.Rbc1 Rac8
29.Qh4+ Kd7 30.Rxc8 Kxc8 31.Qe7 Qc5 32.Qxa7 Nc6 33.Qa4 Qc2 34.Qxc2 Bxc2 35.Rc1  0-1

[Event "20th ZDMI Open A"]
[Site "Dresden GER"]
[Date "2011.08.06"]
[Round "1"]
[White "Maiwald,JU"]
[Black "Kaiser,E"]
[Result "0-1"]
[WhiteElo "2469"]
[BlackElo "2108"]

1.Nf3 d5 2.g3 c5 3.Bg2 Nf6 4.O-O Nc6 5.d3 e5 6.Nbd2 Be7 7.e4 dxe4 8.dxe4 O-O
9.c3 Qc7 10.Qe2 Re8 11.Nc4 h6 12.Nh4 Be6 13.f4 b5 14.Ne3 c4 15.f5 Bd7 16.Nd5 Qb7
17.Be3 Rac8 18.Rad1 Nb8 19.Nxe7+ Rxe7 20.g4 Bc6 21.g5 hxg5 22.Bxg5 Nbd7 23.Rd6 Bxe4
24.Rfd1 Bxg2 25.Qxg2 Qxg2+ 26.Nxg2 Rc7 27.Ne3 Re8 28.Bh4 Rb8 29.a3 a5 30.Ra6 b4
31.Rxa5 bxc3 32.bxc3 Rb3 33.Rc1 Ne4 34.Be1 Ndc5 35.Nd5 Rd7 36.Rd1 Nd3 37.Kf1 Rb2
38.Bg3 Nd2+ 39.Kg1 Nf3+ 40.Kf1 Nxh2+ 41.Kg1 Nf3+ 42.Kf1 Nh2+ 43.Kg1 Nf3+
44.Kf1 Nd2+ 45.Kg1 Ne4 46.Bh4 Kh7  0-1

[Event "Politiken Cup"]
[Site "Helsingor DEN"]
[Date "2011.08.06"]
[Round "9.109"]
[White "Henningsson,Hjalte Skov"]
[Black "Christensen,Ca"]
[Result "0-1"]
[WhiteElo "1794"]
[BlackElo "1937"]

1.Nf3 d5 2.g3 c5 3.Bg2 Nc6 4.d4 Nf6 5.O-O h6 6.e3 e6 7.Ne5 Qb6 8.Nxc6 bxc6
9.c3 Be7 10.dxc5 Bxc5 11.Qc2 a5 12.Nd2 O-O 13.c4 Ba6 14.Rd1 a4 15.cxd5 cxd5
16.Nf3 Rfc8 17.Bd2 Ne4 18.Bf1 Nxf2 19.Bxa6 Qxa6 20.Rf1 Bxe3 21.Qb1 Bxd2 22.Nxd2 Nh3+
23.Kh1 Qe2 24.Qd1 Nf2+  0-1